00558nam a2200193Ia 4500008004100000020001800041050001600059100002100075245003100096245011800127260001500245260001800260260000900278300001600287300002000303300001000323300002200333500000900355170918s9999 xx 000 0 und d a9781416561446 bC776la 2008 aCooper, James F. 4aThe last of the mohicans / cby James F. Cooper ; supplementary materials written by Michelle Lee ; series edited by Cynthia Brantley Johnson. aNew York : bPocket Books, c2008 a562 pages : billustrations ; c17cm. eEnriched classic. a1350